| 000 | 00160nam a22000617a 4500 | ||
|---|---|---|---|
| 999 |
_c24657 _d24657 |
||
| 003 | NUST | ||
| 005 | 20170601123413.0 | ||
| 008 | 140618b xxu||||| |||| 00| 0 eng d | ||
| 010 | _a200502277 | ||
| 020 |
_a9780120885145 _cAvailable |
||
| 040 |
_aDLC _bDLC _cRCMS |
||
| 082 | _a620.001171 GRA | ||
| 100 |
_aJeffrey O. Grady _91822 |
||
| 245 |
_aSystems Requirement Analysis _cGrady Jeffrey O. |
||
| 260 |
_aUK _bElsevier Inc, _cc2006 |
||
| 300 |
_axii,455,p: _bill: _c22,cm. |
||
| 538 | _iShelf No 1 Row No 2 | ||
| 650 |
_a1.Systems engineering 2. Systems analysis _91823 |
||
| 856 | _3Table of Content Only | ||
| 942 |
_2ddc _cBK |
||